• 首页
  • 本馆介绍
  • 公告通知
  • 最新文献
  • 馆藏检索
  • 电子资源
  • 读者导购
  • 参考咨询
  • 我的图书馆
  • 登录
  • 详细信息显示
  • 放入我的书架
  • 预约/预借图书
  • 作者相关作品
  • 分类相关作品
  • 丛书相关作品
  • 出版社相关作品

书目信息

  • 表格格式
  • 工作单格式
  • 卡片格式
题名:
国际经济合作
    
 
作者: 卢进勇 , 杜奇华 著
分册:  
出版信息: 北京   对外经济贸易大学出版社  2013.1
页数: 429页
开本: 23cm
丛书名: 高等院校国际经贸专业规划教材
单 册:
中图分类: F114.4
科图分类:
主题词: 国际合作--经济合作--高等学校--教材 , 国际合作
电子资源:
ISBN: 978-7-81134-591-9
000 01217cam 2200313 450
001 519
005 20140908151352.90
010    @a978-7-81134-591-9@dCNY42.00
100    @a20140306d2013 em y0chiy50 ea
101 0  @achi
102    @aCN@b110000
105    @aak a 000yy
106    @ar
200 1  @a国际经济合作@AGuo Ji Jing Ji He Zuo@dInternational economic cooperation@f卢进勇,杜奇华著@FLu Jin Yong , Du Qi Hua Zhu@zeng
210    @a北京@c对外经济贸易大学出版社@d2013.1
215    @a429页@c图@d23cm
225 2  @a高等院校国际经贸专业规划教材
300    @a普通高等教育“十一五”国家级规划教材
320    @a有书目 (第425-429页)
330    @a本书主要内容包括:国际经济合作概述;国际直接投资;跨国公司;中国利用外商直接投资;中国对外直接投资;国际间接投资;国际技术贸易;国际工程承包;国际劳务合作;国际租赁;国际发展援助;可行性研究与资信调查等13章。
461  0 @12001 @a高等院校国际经贸专业规划教材
510 1  @aInternational economic cooperation@zeng
606 0  @a国际合作@x经济合作@x高等学校@j教材
606 0  @a国际合作
690    @aF114.4@v5
701  0 @a卢进勇@ALu Jin Yong@4著
701  0 @a杜奇华@ADu Qi Hua@4著
801  0 @aCN@bTANGWEI@c20140603
905    @b0837639-41@dF114.4@e165@f3
    
    国际经济合作=International economic cooperation/卢进勇,杜奇华著.-北京:对外经济贸易大学出版社,2013.1
    429页:图;23cm.-(高等院校国际经贸专业规划教材)
    普通高等教育“十一五”国家级规划教材
    
    ISBN 978-7-81134-591-9:CNY42.00
    本书主要内容包括:国际经济合作概述;国际直接投资;跨国公司;中国利用外商直接投资;中国对外直接投资;国际间接投资;国际技术贸易;国际工程承包;国际劳务合作;国际租赁;国际发展援助;可行性研究与资信调查等13章。
●
相关链接 在E读中查询图书 在五车中查询图书 在当当中查询图书 在豆瓣中查询图书


正题名:国际经济合作     索取号:F114.4/165         预约/预借

序号 登录号 条形码 馆藏地/架位号 状态 备注
1 0837639   208376390   第一样本阅览室/ [索取号:F114.4/165] 在馆    
2 0837640   208376407   密集书库-海洋学院/ [索取号:F114.4/165] 在馆    
3 0837641   208376416   第一借阅区/ [索取号:F114.4/165] 在馆    
唐山师范学院图书馆 欢迎您!
大连网信软件有限公司© 版权所有